00565nam a2200169 i 450000100060000000300090000600500170001500700030003200800410003510000420007624500540011826000300017230000220020285200320022499900170025695201220027327215ES-MaACL20230906153559.0t|030113s1969 sp ||||1| spa d1 aArroyo y Juan, Rosa María F.92338710aDos no al tres / cRosa María F. Arroyo y Juan. aMadrid : bAzur, c[1969] a124 p. ; c18 cm. aES-MaACLjC-37224 bR.69817 c27215d27215 00104070aATENEOMbATENEOMcDEPO2d2008-01-17eSCl0oC-37224p1028090r2023-02-23 00:00:00w2023-02-23yMONOGRAFIA